| 000 | 00420nam a22001577a 4500 | ||
|---|---|---|---|
| 003 | OSt | ||
| 005 | 20250529123044.0 | ||
| 008 | 250529b |||||||| |||| 00| 0 eng d | ||
| 040 | _aSEKU | ||
| 050 |
_aBS 315 _b.G3 |
||
| 245 |
_aHoly Bible : _bcontaining the Old and New testaments |
||
| 260 |
_aWisconsin : _bNational publishing company, _c1978. |
||
| 300 | _a1291 p. | ||
| 650 | _aThe Word of God | ||
| 942 |
_2lcc _cGEN |
||
| 999 |
_c18560 _d18560 |
||